[Event "Lloyds Bank op"]
[Site "London"]
[Date "1994.??.??"]
[Round "8"]
[White "Thipsay, Bagyashree Sathe"]
[Black "Povah, Nigel E"]
[Result "0-1"]
[WhiteElo "2210"]
[BlackElo "2370"]

1.e4 c5 2.c3 Nf6 3.e5 Nd5 4.d4 cxd4 5.Nf3 e6 6.cxd4 b6 7.Nc3 Nxc3 8.bxc3 Qc7
9.Bd2 Ba6 10.Bxa6 Nxa6 11.Qa4 Qb7 12.O-O Be7 13.c4 O-O 14.Rfe1 Rfd8 15.Qb3 h6
16.Qd3 Nc7 17.a4 Rac8 18.Re4 d5 19.exd6 Bxd6 20.Rae1 Ne8 21.Rh4 Be7 22.Rh3 Bf6
23.g4 Qd7 24.Bc3 e5 25.Nxe5 Qxa4 26.Qf5 Bxe5 27.dxe5 Rxc4 28.e6 Rxg4+ 29.Rg3 Rxg3+
30.hxg3 f6 31.Qg6 Qc6 32.Qf7+ Kh7 33.Bb4 a5 34.Bf8 a4 35.e7 Rc8 36.Re6 Qd5  0-1

[Event "Lloyds Bank op"]
[Site "London"]
[Date "1994.??.??"]
[Round "9"]
[White "Roberts, Paul"]
[Black "Britton, Richard"]
[Result "1-0"]
[WhiteElo "2170"]
[BlackElo "2295"]

1.e4 c5 2.c3 Nf6 3.e5 Nd5 4.d4 cxd4 5.cxd4 d6 6.Nf3 Nc6 7.a3 e6 8.Bd3 Be7
9.O-O O-O 10.Qe2 f5 11.exf6 Bxf6 12.Nc3 Nce7 13.Qe4 g6 14.Ng5 Nxc3 15.bxc3 Nd5
16.Qh4 Qe7 17.c4 Nc7 18.c5 dxc5 19.Bf4 cxd4 20.Qg3 e5 21.Bc4+ Kg7 22.Bd2 a5
23.f4 Bxg5 24.fxg5 Bf5 25.Rae1 e4 26.Bf4 Ne6 27.Be5+ Kg8 28.Bxd4 b5 29.Ba2 Rad8
30.Qe5 Rxd4 31.Rxf5 Rd6 32.Rxf8+ Kxf8 33.Qh8+ Kf7  1-0

[Event "Lloyds Bank op"]
[Site "London"]
[Date "1994.??.??"]
[Round "9"]
[White "Lane, Gary W"]
[Black "Ward, Christopher"]
[Result "1-0"]
[WhiteElo "2440"]
[BlackElo "2490"]

1.e4 c5 2.c3 Nf6 3.e5 Nd5 4.d4 cxd4 5.Nf3 Nc6 6.Bc4 Nb6 7.Bb3 d5 8.exd6 Qxd6
9.O-O g6 10.Na3 Bg7 11.Nb5 Qd8 12.Nbxd4 Nxd4 13.Nxd4 O-O 14.Bg5 Nd7 15.Re1 Nf6
16.Qe2 Qa5 17.Qd2 e6 18.Nf3 Rd8 19.Qf4 Qf5 20.Qh4 h6 21.Bxh6 Bxh6 22.Qxh6 Bd7
23.h3 Qh5 24.Qf4 Kg7 25.Ng5 Rac8 26.Re5 Qh8 27.Rd1 Qf8 28.Qh4 Qe7 29.Rd3 Bc6
30.Rde3 Rh8 31.Qf4 Nh5 32.Qd4 Qf6 33.Nxf7 Kxf7 34.Bxe6+ Kg7 35.Bxc8 Rxc8
36.Qg4 Rf8 37.f3 Nf4 38.c4 Kh7 39.Re7+ Rf7 40.Rxf7+ Qxf7 41.Qh4+ Kg8 42.b4 Ne6
43.Qg4 Ng7 44.b5 Bd7 45.Qe4 b6 46.Qa8+ Be8 47.Qc8 Kh7 48.Re4 Bd7 49.Qc7 Be6
50.Qxf7 Bxf7 51.c5 bxc5 52.Re7 Bd5 53.Rxa7 c4 54.Rc7 Kh6 55.b6 Ne6 56.b7  1-0

[Event "Lloyds Bank op"]
[Site "London"]
[Date "1994.??.??"]
[Round "10"]
[White "Abd Mariam, John NT"]
[Black "Webb, Richard M"]
[Result "0-1"]
[WhiteElo "2175"]
[BlackElo "2310"]

1.e4 c5 2.c3 Nf6 3.e5 Nd5 4.d4 cxd4 5.Nf3 Nc6 6.Bc4 Nb6 7.Bb3 d5 8.exd6 Qxd6
9.O-O Be6 10.Na3 Bxb3 11.Qxb3 Qd5 12.Nb5 Rc8 13.Nfxd4 Nxd4 14.Nxd4 e6 15.Rd1 Bc5
16.Nb5 Qxb3 17.axb3 a6 18.Nd6+ Bxd6 19.Rxd6 Nd5 20.Bg5 h6 21.Bh4 g5 22.Bg3 Rd8
23.c4 Rxd6 24.Bxd6 Ne7 25.Rd1 f6 26.Bc5 Nc8 27.b4 Rh7 28.Kf1 h5 29.b3 Rd7
30.Rxd7 Kxd7 31.Ke2 Ne7 32.Bxe7 Kxe7 33.Ke3 Kd6 34.Kd4 e5+ 35.Ke4 Ke6 36.Kd3 f5
37.Ke3 h4 38.Kd3 g4 39.Ke3 Kd6 40.Kd3 Ke6 41.Ke3 e4 42.Kd4 Kd6 43.c5+ Kc6
44.g3 hxg3 45.hxg3 Kb5 46.Kc3 f4  0-1

[Event "Lloyds Bank op"]
[Site "London"]
[Date "1994.??.??"]
[Round "10"]
[White "Cohen, Aron"]
[Black "Povah, Nigel E"]
[Result "1-0"]
[WhiteElo "2225"]
[BlackElo "2370"]

1.e4 c5 2.c3 Nf6 3.e5 Nd5 4.d4 cxd4 5.cxd4 b6 6.Nf3 e6 7.Nc3 Nxc3 8.bxc3 Qc7
9.Bd2 Bb7 10.Bd3 d6 11.O-O Nd7 12.Re1 dxe5 13.Nxe5 Nxe5 14.Rxe5 Bd6 15.Rh5 g6
16.Rh3 O-O 17.Qg4 f5 18.Qh4 Rf7 19.Re1 Qc6 20.f3 Be7 21.Qh6 Bf6 22.Qe3 Re7
23.Kh1 Rd8 24.Qh6 Rdd7 25.Rg3 b5 26.Rb1 a6 27.f4 Qd5 28.Rb2 b4 29.Rxb4 Qxa2
30.Be1 Bg7 31.Qh3 a5 32.Rb6 a4 33.Re3 a3 34.Re2 Qd5 35.Rb5 Qd6 36.Qe3 Ba6
37.Rb3 Rb7 38.Rb4 Rxb4 39.cxb4 Bxd4 40.Qf3 Bb7 41.Qg3 Bd5 42.Bb1 Qa6 43.Bd3 Bc4
44.Qh4 Re8 45.Rc2 Bxd3 46.Rc7 Bg7 47.Bc3 e5 48.Bxe5 Rxe5 49.fxe5 Qe6 50.Qd8+ Bf8
51.Qxd3 Qxe5 52.Rc1 Bd6 53.g3 Kg7 54.Qxa3 Qe4+ 55.Kg1 Bxb4 56.Rc7+ Kf6 57.Qb2+ Ke6
58.Qb3+ Kd6 59.Qc2 Qd4+ 60.Kg2 Qd5+ 61.Kh3 g5 62.Rxh7 Bc5 63.Qa4 Qf3 64.Qd7+ Ke5
65.Qg7+ Ke4 66.Qxg5 Bd6 67.Qg6 Qf1+ 68.Kh4 Qd1 69.Rf7 Qf3 70.Qe6+ Be5 71.Qc6+  1-0

[Event "EUCup Gr3"]
[Site "Lubniewice"]
[Date "1994.??.??"]
[Round "3"]
[White "Salai, Ladislav"]
[Black "Penttinen, Jarkko"]
[Result "1-0"]
[WhiteElo "2415"]
[BlackElo "2560"]

1.e4 c5 2.c3 Nf6 3.e5 Nd5 4.d4 cxd4 5.Nf3 Nc6 6.Bc4 Nb6 7.Bb3 d5 8.exd6 Qxd6
9.Na3 a6 10.O-O e6 11.cxd4 Be7 12.Be3 Nb4 13.Ne5 O-O 14.Rc1 N4d5 15.Qf3 Qd8
16.Nac4 Nd7 17.Rfe1 N7f6 18.Bg5 h6 19.Bh4 Nh7 20.Bxe7 Qxe7 21.a3 Rd8 22.Ba2 Nhf6
23.Ne3 Nc7 24.Nf5 exf5 25.Nxf7 Ne6 26.Nxd8 Qxd8  1-0

[Event "EUCup Gr3"]
[Site "Lubniewice"]
[Date "1994.??.??"]
[Round "3"]
[White "Rozentalis, Eduardas"]
[Black "Ftacnik, Lubomir"]
[Result "1/2-1/2"]
[WhiteElo "2595"]
[BlackElo "2570"]

1.e4 c5 2.c3 Nf6 3.e5 Nd5 4.g3 d6 5.exd6 e6 6.Bg2 Bxd6 7.Nf3 Nc6 8.d4 cxd4
9.Nxd4 Nxd4 10.Qxd4 O-O 11.O-O Qc7 12.Nd2 Bd7 13.Ne4 Bb5 14.Re1 Be7 15.Ng5 Rad8
16.Qe4 Bxg5 17.Bxg5 Rd7 18.Rad1 h6 19.Bc1 Rfd8 20.h3 Bc6 21.Qe2 a6 22.Rd4 Ne7
23.Rxd7  1/2-1/2

[Event "SWZ-ch op"]
[Site "Luzern"]
[Date "1994.??.??"]
[Round "?"]
[White "Hickl, Joerg"]
[Black "Sher, Miron N"]
[Result "1/2-1/2"]
[WhiteElo "2535"]
[BlackElo "2520"]

1.e4 c5 2.c3 Nf6 3.d3 d5 4.Nd2 Nc6 5.Ngf3 Bg4 6.Qb3 Rb8 7.h3 Bh5 8.e5 Ng8
9.d4 e6 10.a3 c4 11.Qd1 Nge7 12.Be2 Nc8 13.b4 cxb3 14.Qxb3 Be7 15.a4 O-O
16.Ba3 Na5 17.Qb2 Bxa3 18.Rxa3 Nb6 19.Qb5 Bxf3 20.Nxf3 Nbc4 21.Ra2 b6 22.O-O Rc8
23.Bd3 Rc7 24.Re1 Qe7 25.Qb1 h6 26.Rc1 Rfc8 27.Qc2 Rc6 28.h4 Na3 29.Qb2 N3c4
30.Qc2 Na3 31.Qb2 N3c4  1/2-1/2

[Event "SWZ-ch op"]
[Site "Luzern"]
[Date "1994.??.??"]
[Round "?"]
[White "Lematschko, Tatjana"]
[Black "Sher, Miron N"]
[Result "0-1"]
[WhiteElo "2310"]
[BlackElo "2520"]

1.e4 c5 2.c3 Nf6 3.e5 Nd5 4.d4 cxd4 5.cxd4 e6 6.Nf3 b6 7.Bd3 Bb7 8.O-O Be7
9.Nbd2 f5 10.exf6 Nxf6 11.Ne5 Nc6 12.Ne4 g6 13.Nxf6+ Bxf6 14.Qg4 Bxe5 15.dxe5 Nxe5
16.Qd4 Qf6 17.Be3 Qf3 18.gxf3 Nxf3+ 19.Kg2 Nxd4+ 20.Kh3 Nf5 21.Bd2 O-O 22.f4 Rac8
23.a4 Nd4 24.Bc3 Nb3 25.Rad1 Nc5 26.Bb5 a6 27.Rxd7 Nxd7 28.Bxd7 Rxc3+ 29.bxc3 Bd5
30.a5 b5 31.Re1 Kf7 32.c4 Bxc4 33.Bc6 Rb8 34.Kg3 Bd5 35.Bxd5 exd5 36.f5 b4
37.fxg6+ hxg6 38.Re2 b3 39.Rb2 Ke6 40.Kf4 Kd6 41.Ke3 Kc5 42.Kd2 Kb4 43.Kc1 Rc8+
44.Kb1 Rc2  0-1

[Event "EUCup f"]
[Site "Lyon"]
[Date "1994.??.??"]
[Round "?"]
[White "Dolmatov, Sergey"]
[Black "Greenfeld, Alon"]
[Result "1/2-1/2"]
[WhiteElo "2615"]
[BlackElo "2600"]

1.e4 c5 2.c3 Nf6 3.e5 Nd5 4.Nf3 Nc6 5.Bc4 Nb6 6.Bb3 c4 7.Bc2 g6 8.b3 d5 9.exd6 Qxd6
10.O-O Bg7 11.bxc4 Nxc4 12.d3 Nb6 13.d4 O-O 14.Nbd2 Qc7 15.Ba3 Nd5 16.Ne4 Na5
17.Bb3 Nxb3 18.Qxb3 Nb6 19.Nc5 Bg4 20.Nd2 Rad8 21.h3 Bc8 22.Nf3 Rfe8 23.Rfe1  1/2-1/2

[Event "CRO-chT"]
[Site "Makarska"]
[Date "1994.??.??"]
[Round "7"]
[White "Stevic, Hrvoje"]
[Black "Sindik, Ervin"]
[Result "1/2-1/2"]
[WhiteElo "2200"]
[BlackElo "2340"]

1.e4 c5 2.c3 Nf6 3.e5 Nd5 4.g3 d6 5.exd6 e6 6.Bg2 Bxd6 7.Nf3 Nc6 8.Qe2 O-O
9.O-O b6 10.Na3 Re8 11.Nc4 Ba6 12.d3 Bf8 13.a4 Qc7 14.Bd2 Rad8 15.Rae1 f6
16.Bc1 Kh8 17.Nh4 e5  1/2-1/2

[Event "Malmo"]
[Site "Malmo"]
[Date "1994.??.??"]
[Round "7"]
[White "Brynell, Stellan"]
[Black "Hellers, Ferdinand"]
[Result "1/2-1/2"]
[WhiteElo "2485"]
[BlackElo "2560"]

1.e4 c5 2.c3 Nf6 3.e5 Nd5 4.d4 cxd4 5.Nf3 Nc6 6.cxd4 d6 7.Bc4 Nb6 8.Bb5 dxe5
9.Nxe5 Bd7 10.Bxc6 Bxc6 11.Nxc6 bxc6 12.O-O g6 13.Re1 Bg7 14.Bg5 O-O 15.Bxe7 Qxd4
16.Nc3 Rfe8 17.Qf3 Qd7 18.Bf6 Rxe1+ 19.Rxe1 Bxf6 20.Qxf6 Qd2 21.Rb1 Re8 22.g3 Re6
23.Qf3 Nc4 24.Qd1 Qxd1+ 25.Rxd1 Nxb2 26.Rb1 Nd3 27.Rb7 a6 28.Ra7 Re1+ 29.Kg2 Nc5
30.Kf3 Re6 31.h4 h5 32.Ne2 Rd6 33.Nf4 Rd2 34.Rc7 Rxa2 35.Rxc6 Ra3+ 36.Kg2 Ne4
37.Nd5 Kg7 38.Rc4 Nd6 39.Rc6 Nf5 40.Nc7 a5 41.Ne8+ Kf8 42.Nd6 Nh6 43.Ra6 Ra2
44.Ra7 a4 45.Kf3 Kg8 46.Ke4 Re2+ 47.Kf3 Rd2 48.Nc4 Ra2 49.Nb6 Ng4 50.Rxa4 Rxf2+
51.Ke4 Nf6+ 52.Ke3 Rb2 53.Nc4 Rb3+ 54.Kf4 Nd5+ 55.Ke5 Nc3 56.Ra8+ Kg7 57.Nd6 Ne2
58.Ne8+ Kh6 59.Nd6 Rf3 60.Ke4 Rf6 61.Ke5 Re6+ 62.Kd5 Nc3+ 63.Kc5 Ne4+ 64.Nxe4 Rxe4
65.Ra3 f6 66.Kd5 Re1 67.Rf3 Kg7 68.Ra3 g5 69.hxg5 fxg5 70.Kd4 Kg6 71.Rf3 Re6
72.Kd3 g4 73.Re3 Rf6 74.Ke2 h4 75.Re4 Kg5 76.Re5+ Kh6  1/2-1/2

[Event "Mar del Plata op"]
[Site "Mar del Plata"]
[Date "1994.??.??"]
[Round "7"]
[White "Pierrot, Facundo"]
[Black "Valerga, Diego"]
[Result "0-1"]
[WhiteElo "2330"]
[BlackElo "2375"]

1.e4 c5 2.c3 Nf6 3.e5 Nd5 4.g3 d6 5.exd6 e6 6.Bg2 Bxd6 7.Nf3 Nc6 8.d3 O-O
9.O-O b6 10.Nbd2 Bb7 11.Nc4 Be7 12.Qe2 Rc8 13.a4 Ba6 14.h4 h6 15.Bd2 Bf6
16.Nh2 Nde7 17.Ng4 Nf5 18.Bf4 Qe7 19.Rad1 Rfd8 20.Rfe1 Bb7 21.Be4 Rd7 22.Qf3 Qd8
23.Nce3 Na5 24.Bxb7 Nxb7 25.Nxf5 exf5 26.Nxf6+ Qxf6 27.Be5 Qg6 28.d4 cxd4
29.Rxd4 Re7 30.Red1 Rxe5 31.Qxb7 Rce8 32.Rd8 Qg4 33.Qxa7 Qf3 34.Qxb6 Kh7
35.Rf1 Rxd8 36.Qxd8 f4 37.Qd6 f6 38.Qd1 Re2 39.Re1 Qxf2+  0-1

[Event "Marbach"]
[Site "Marbach"]
[Date "1994.??.??"]
[Round "?"]
[White "Hillermann, Vinzenz"]
[Black "Parulava, Temur"]
[Result "1/2-1/2"]
[WhiteElo "2315"]
[BlackElo "2300"]

1.e4 c5 2.c3 Nf6 3.e5 Nd5 4.d4 cxd4 5.cxd4 Nc6 6.Nc3 Qa5 7.Nf3 d6 8.exd6 e6
9.Bd2 Nxc3 10.bxc3 Bxd6 11.Bd3 O-O 12.O-O h6 13.Rb1 Qxa2 14.c4 Qa3 15.Qe2 Be7
16.c5 Qa2 17.Be4 Qa4 18.Bc3 Nd8 19.Ne5 Qe8 20.Bd2 f5 21.Bf3 Bf6 22.Bh5 Qa4
23.Rb4 Qa2 24.Nf3 Nc6 25.Rc4 Rd8 26.Rfc1 Nxd4 27.Nxd4 Rxd4 28.Rxd4 Bxd4 29.Qd3 Bf6
30.Bc3 Qd5 31.Qb5 Bd7 32.Qb1 Bc6 33.Bf3 Qd7 34.Bxf6 gxf6 35.Rd1 Qc7 36.Rd6 Kf7
37.Bh5+ Ke7 38.Qb3 Bd5 39.Qe3 Rd8 40.Qxh6 Qxc5 41.Rxd8 Kxd8 42.Qxf6+ Kc7
43.Qe5+ Kb6 44.h4 a5 45.Be8 Qb4  1/2-1/2

[Event "Marbach"]
[Site "Marbach"]
[Date "1994.??.??"]
[Round "?"]
[White "Hillermann, Vinzenz"]
[Black "Kraut, Rainer"]
[Result "0-1"]
[WhiteElo "2315"]
[BlackElo "2420"]

1.e4 c5 2.c3 Nf6 3.e5 Nd5 4.d4 cxd4 5.cxd4 e6 6.Nc3 Nxc3 7.bxc3 Qc7 8.Bd2 d6
9.Nf3 Nd7 10.Bd3 g6 11.O-O Bg7 12.exd6 Qxd6 13.Ng5 O-O 14.Bc4 Qc6 15.Bb3 b6
16.Qf3 Qxf3 17.Nxf3 Bb7 18.Be3 Rac8 19.Rac1 b5 20.Rfd1 Nb6 21.Nd2 Bd5 22.Bxd5 exd5
23.Nb3 Rc4 24.Kf1 Na4 25.Rd3 Rfc8 26.Nc5 Bf8 27.Rb1 Nxc3 28.Rb2 b4 29.Nd7 Bg7
30.g4 R8c7 31.Nc5 a5 32.a3 Bf8 33.axb4 axb4 34.Rb3 Bxc5 35.dxc5 Rxg4 36.Bd4 Nb5
37.Be5 Rxc5  0-1

[Event "Marbach"]
[Site "Marbach"]
[Date "1994.??.??"]
[Round "?"]
[White "Hillermann, Vinzenz"]
[Black "Werner, Isabel"]
[Result "1-0"]
[WhiteElo "2315"]
[BlackElo "2210"]

1.e4 c5 2.c3 Nf6 3.e5 Nd5 4.d4 cxd4 5.cxd4 e6 6.Nf3 d6 7.Nc3 Nxc3 8.bxc3 Nd7
9.Ba3 Qc7 10.Qd2 dxe5 11.Bxf8 Nxf8 12.Nxe5 Nd7 13.f4 O-O 14.Bd3 b6 15.O-O Bb7
16.Nxd7 Qxd7 17.f5 exf5 18.Rxf5 Rae8 19.Raf1 Be4 20.Bb5 Qd6 21.Qf4 Qxf4 22.R5xf4 Re7
23.Re1 f5 24.Bc6 g5 25.Bxe4 Kg7 26.Rf3 fxe4 27.Rxf8 Kxf8 28.Kf2 Ke8 29.Ke3 Kd7
30.d5 Kd6 31.c4 b5 32.cxb5 Kxd5 33.Rd1+ Kc5 34.a4 Kb4 35.Rd5 h6 36.b6 axb6
37.Rb5+ Kxa4 38.Rxb6 h5 39.Rd6 Kb4 40.Rd5 Rg7 41.Kxe4 Kc4 42.Re5 h4 43.Kf5 h3
44.gxh3 Rh7 45.Re3 Kd4 46.Rg3 Rf7+ 47.Kxg5 Ke4 48.h4 Ra7 49.h5 Ra5+ 50.Kh6 Kf4
51.Rg6 Ra7 52.Rf6+ Ke5 53.Kg6 Ra2 54.Rf5+ Ke6 55.h4 Ra4 56.h6 Rxh4 57.Rg5 Ke7
58.h7 Kf8 59.Rf5+ Ke7 60.Rh5 Rg4+ 61.Rg5  1-0

[Event "Marbach"]
[Site "Marbach"]
[Date "1994.??.??"]
[Round "?"]
[White "Huber, Armin"]
[Black "Parulava, Temur"]
[Result "1/2-1/2"]
[WhiteElo "2305"]
[BlackElo "2300"]

1.e4 c5 2.c3 Nf6 3.e5 Nd5 4.d4 cxd4 5.Nf3 Nc6 6.cxd4 d6 7.exd6 Qxd6 8.Nc3 g6
9.Be2 Bg7 10.O-O O-O 11.Be3 Nxe3 12.fxe3 Bh6  1/2-1/2

[Event "Marbach"]
[Site "Marbach"]
[Date "1994.??.??"]
[Round "?"]
[White "Werner, Isabel"]
[Black "Kraut, Rainer"]
[Result "0-1"]
[WhiteElo "2210"]
[BlackElo "2420"]

1.e4 c5 2.c3 Nf6 3.e5 Nd5 4.d4 cxd4 5.Nf3 e6 6.cxd4 d6 7.a3 Nc6 8.Bd3 g6
9.O-O Bg7 10.Qe2 O-O 11.Rd1 dxe5 12.dxe5 Qc7 13.Re1 b6 14.Bd2 Bb7 15.Nc3 Nxc3
16.Bxc3 Rfd8 17.Rac1 Rac8 18.Be4 Qb8 19.Red1 Ne7 20.Rxd8+ Rxd8 21.Bb4 Bxe4
22.Qxe4 Nd5 23.Bd6 Qb7 24.Rc7 Qa6 25.Rc2 Rc8 26.h3 h6 27.Kh2 Kh7 28.Kg1 b5
29.h4 f5 30.exf6 Nxf6 31.Qd3 Rxc2 32.Qxc2 Qxd6 33.h5 Nxh5 34.g4 Nf4  0-1

[Event "Marijampole op"]
[Site "Marijampole"]
[Date "1994.??.??"]
[Round "4"]
[White "Kryzius, Kestutis"]
[Black "Polak, Tomas"]
[Result "0-1"]
[WhiteElo "2160"]
[BlackElo "2415"]

1.e4 c5 2.c3 Nf6 3.e5 Nd5 4.d4 cxd4 5.cxd4 e6 6.a3 b6 7.Nf3 Be7 8.Bd3 Bb7
9.O-O d6 10.Bd2 Nd7 11.Nc3 Nxc3 12.Bxc3 O-O 13.Qe2 Rc8 14.Rfd1 Qc7 15.Rac1 Qb8
16.Bb1 Rfd8 17.Qd3 g6 18.exd6 Bxd6 19.Bd2 Bxf3 20.Qxf3 Bxh2+ 21.Kf1 Bd6 22.Bc3 b5
23.d5 e5 24.Ba5 Bc7 25.Rxc7 Rxc7 26.d6 Rc4 27.Bxd8 Qxd8 28.Ba2 Rf4 29.Qb7 Qh4
30.Rd2 Re4 31.Bxf7+ Kg7 32.Qxe4 Qxe4 33.Be8 Qc4+  0-1

[Event "Maromme op"]
[Site "Maromme"]
[Date "1994.??.??"]
[Round "?"]
[White "Hauchard, Arnaud"]
[Black "Godard, Maxence"]
[Result "1-0"]
[WhiteElo "2490"]
[BlackElo "2230"]

1.e4 c5 2.c3 Nf6 3.e5 Nd5 4.g3 Nc6 5.Bg2 e6 6.Qe2 Be7 7.d3 O-O 8.Nd2 Rb8
9.Ngf3 b6 10.O-O Bb7 11.Ne4 f5 12.exf6 gxf6 13.c4 Nc7 14.Bf4 d6 15.Nc3 Rf7
16.Be3 e5 17.Nd2 Nd4 18.Bxd4 Bxg2 19.Kxg2 cxd4 20.Nd5 Bf8 21.Qg4+ Bg7 22.Nxc7 Qxc7
23.Qf5 Qd7 24.Qxd7 Rxd7 25.f4 b5 26.b3 bxc4 27.dxc4 Rc8 28.fxe5 fxe5 29.Ne4 d5
30.cxd5 Rxd5 31.Rac1 Rxc1 32.Rxc1 d3 33.Kf3 Kf7 34.Rc7+ Kf8 35.Rc8+ Kf7 36.Rc7+ Kf8
37.Nc3 d2 38.Ke2 Rd6 39.Nd1 a6 40.Rc3 Rh6 41.h4 Rg6 42.Nf2 e4 43.Rc8+ Ke7
44.Nxe4 Rg4 45.Rc7+ Kd8 46.Rc4 Be5 47.Kxd2 Bxg3 48.Nxg3 Rxg3 49.Ra4 Rg6 50.Ke3 Kc7
51.h5 Rf6 52.Rf4 Rh6 53.Rf5 Kd7 54.Kf4 Ke6 55.Re5+ Kd6 56.Ra5 Ke7 57.Rc5 Kd7
58.Rg5 Ke6 59.Kg4 Kf7 60.Rc5 Rd6 61.Rc7+ Kg8 62.Ra7 Rc6 63.Kg5 Rb6 64.Kf4 Rh6
65.a3 Rc6 66.b4 h6 67.Kf5 Kf8 68.Ke5 Rb6 69.Kd4 Ke8 70.Kc4 Kd8 71.Rg7 Ke8
72.Rg6 Rxg6 73.hxg6 Ke7 74.a4 Kf6 75.b5 axb5+  1-0

[Event "Maromme op"]
[Site "Maromme"]
[Date "1994.??.??"]
[Round "?"]
[White "Rause, Olita"]
[Black "Cerisier, Philippe"]
[Result "1/2-1/2"]
[WhiteElo "2355"]
[BlackElo "2290"]

1.e4 c5 2.c3 Nf6 3.e5 Nd5 4.d4 cxd4 5.cxd4 e6 6.Nf3 b6 7.Nc3 Nxc3 8.bxc3 Qc7
9.Bd2 Bb7 10.Bd3 d6 11.O-O Nd7 12.Re1 dxe5 13.Ng5 Bd6 14.Qh5 Nf6 15.Bb5+ Kf8
16.Qh3 Rd8 17.Bd3 h6 18.Bg6 Rd7 19.f4 e4 20.Bxf7 hxg5 21.Qxh8+ Kxf7 22.fxg5 Rd8
23.Qh4 e3 24.Rxe3 Bxh2+ 25.Qxh2  1/2-1/2

[Event "Mlada Boleslav op"]
[Site "Mlada Boleslav"]
[Date "1994.??.??"]
[Round "6"]
[White "Daniliuk, Sergey"]
[Black "Slezka, Vojtech"]
[Result "1-0"]
[WhiteElo "2440"]
[BlackElo "2375"]

1.e4 c5 2.c3 Nf6 3.e5 Nd5 4.Bc4 Nb6 5.Bb3 c4 6.Bc2 Nc6 7.Nf3 g6 8.O-O Bg7
9.Re1 d6 10.exd6 Qxd6 11.d4 cxd3 12.Qxd3 Qc7 13.Na3 a6 14.Nc4 O-O 15.Nxb6 Qxb6
16.Qc4 Qa5 17.Bg5 e5 18.Qh4 f6 19.Bb3+ Kh8 20.Bh6 Bf5 21.g4 g5 22.Bxg7+ Kxg7
23.Qg3 Bg6 24.h4 h6 25.Nd2 Rad8 26.Nc4 Qc5 27.Rad1 Rxd1 28.Rxd1 Rd8 29.Rxd8 Nxd8
30.h5 Bh7 31.Qf3 Nc6 32.Ne3 e4 33.Qd1 Ne5 34.Qd8 f5 35.gxf5 Nf3+ 36.Kf1 Qe5
37.Qd7+  1-0

[Event "Montecatini Terme op"]
[Site "Montecatini Terme"]
[Date "1994.??.??"]
[Round "?"]
[White "Scotti, Umberto"]
[Black "Gorgs, Alfred"]
[Result "1/2-1/2"]
[WhiteElo "2250"]
[BlackElo "2195"]

1.e4 c5 2.c3 Nf6 3.e5 Nd5 4.d4 cxd4 5.cxd4 d6 6.Nf3 Nc6 7.Bc4 Nb6 8.Bb5 dxe5
9.Nxe5 Bd7 10.Nc3 Nxe5 11.dxe5 Bxb5 12.Nxb5 Qxd1+ 13.Kxd1 O-O-O+ 14.Ke2 Rd5
15.a4 a6 16.Be3 axb5 17.Rhc1+ Kd7 18.Bxb6 Rxe5+ 19.Kf1 bxa4 20.Rc7+ Kd6 21.Rxb7 Rb5
22.Rc1 Rb3 23.Bc5+ Kd5 24.Rxb3 axb3 25.Rc3  1/2-1/2

[Event "Moscow-ch"]
[Site "Moscow"]
[Date "1994.??.??"]
[Round "?"]
[White "Vorobiov, Evgeny E"]
[Black "Mitenkov, Alexey"]
[Result "0-1"]
[WhiteElo "2300"]
[BlackElo "2460"]

1.e4 c5 2.c3 Nf6 3.e5 Nd5 4.d4 cxd4 5.Nf3 Nc6 6.Bc4 Nb6 7.Bb3 d5 8.exd6 Qxd6
9.O-O Be6 10.Na3 dxc3 11.Qe2 Bxb3 12.Nb5 Qb8 13.axb3 e5 14.Be3 Nc8 15.Rfd1 Be7
16.Ng5 cxb2 17.Ra4 O-O 18.Qh5 h6 19.Ne6 fxe6 20.Bxh6 Bf6 21.Rg4 N8e7 22.Nc3 Qe8
23.Qh3 Rd8 24.Re1 Nf5 25.Ne4 Rd4  0-1

[Event "Moscow ol (Women)"]
[Site "Moscow"]
[Date "1994.??.??"]
[Round "1"]
[White "Lalic, Susan"]
[Black "Ipek, Nilufer"]
[Result "1-0"]
[WhiteElo "2375"]
[BlackElo "2120"]

1.e4 c5 2.c3 Nf6 3.e5 Nd5 4.d4 cxd4 5.Nf3 Nc6 6.Bc4 e6 7.cxd4 d6 8.O-O Be7
9.Qe2 O-O 10.Rd1 Qc7 11.a3 Nb6 12.Bd3 dxe5 13.dxe5 Nd7 14.Bf4 Rd8 15.Nc3 a6
16.Rac1 Nf8 17.Ne4 Ng6 18.Bg3 Qa5 19.h4 h6 20.h5 Nf8 21.Bf4 Bd7 22.Qe3 Be8
23.Rc3 Rac8 24.b4 Qc7 25.Bxh6 gxh6 26.Nf6+ Kg7 27.Ng4 Bg5 28.Nxg5 hxg5 29.Qxg5+ Ng6
30.Qxg6+  1-0

[Event "Moscow ol (Men)"]
[Site "Moscow"]
[Date "1994.??.??"]
[Round "2"]
[White "Freyre, Jorge"]
[Black "Mossong, Hubert"]
[Result "0-1"]
[WhiteElo "2255"]
[BlackElo "2275"]

1.e4 c5 2.c3 Nf6 3.e5 Nd5 4.d4 cxd4 5.Nf3 e6 6.cxd4 b6 7.Nc3 Nxc3 8.bxc3 Qc7
9.Bd2 d6 10.Bb5+ Bd7 11.Qe2 Bxb5 12.Qxb5+ Qd7 13.a4 Nc6 14.O-O d5 15.c4 Ne7
16.Rfc1 dxc4 17.Rxc4 Nd5 18.Ng5 Be7 19.Ne4 a6 20.Qb3 O-O 21.Rac1 Rfc8 22.Rxc8+ Rxc8
23.Rxc8+ Qxc8 24.Nc3 Nxc3 25.Bxc3 Qc6 26.g3 b5 27.axb5 Qxb5 28.Qxb5 axb5
29.Bb2 Kf8 30.Kf1 Ke8 31.Ke2 Kd7 32.Kd3 Kc6 33.f4 Kd5 34.g4 g6 35.Bc1 b4
36.Bb2 Bd8 37.Bc1 Bb6 38.Bb2 Bd8 39.Bc1 Bh4 40.Bb2 Bf2 41.h3 Bg3 42.Bc1 b3
43.Ke3 Kc4  0-1

[Event "Moscow ol (Men)"]
[Site "Moscow"]
[Date "1994.??.??"]
[Round "2"]
[White "Espinoza Flores, Rafael"]
[Black "Xu Jun"]
[Result "1/2-1/2"]
[WhiteElo "2410"]
[BlackElo "2560"]

1.e4 c5 2.c3 Nf6 3.e5 Nd5 4.d4 cxd4 5.Nf3 d6 6.Bc4 dxe5 7.Nxe5 e6 8.O-O Be7
9.Qh5 O-O 10.Rd1 Nd7 11.cxd4 N7f6 12.Qh3 Bd7 13.Nc3 Bc6 14.Bd3 Nxc3 15.bxc3 Be4
16.Bxe4 Nxe4 17.Qf3 Nd6 18.Ba3 Rc8 19.d5 f6 20.Ng4 e5 21.Rab1 Qd7 22.Rb3 Rfd8
23.Bxd6 Bxd6 24.Ne3 b6 25.c4 Bc5 26.Nf5 g6 27.Nh6+ Kg7 28.Ng4 Qf5 29.Qe2 h5
30.Ne3 Qe4 31.Re1 Bxe3 32.Rxe3 Qxc4 33.Rxe5 Qxe2 34.R5xe2 Rxd5 35.Re7+ Kf8
36.Kf1 Rd1 37.g3 Rxe1+ 38.Rxe1 h4 39.Kg2 Rc2 40.a4 h3+ 41.Kxh3 Rxf2 42.Rc1 Re2
43.Rc7 Re7 44.Rc6 Kf7 45.a5 bxa5 46.Ra6 g5 47.Rxa5 Kg6 48.Kg2 Re2+ 49.Kf3 Rxh2
50.Rxa7 f5 51.Ra6+ Kh5 52.g4+ fxg4+ 53.Kg3 Rh3+ 54.Kg2 Kh4 55.Rc6  1/2-1/2

[Event "Moscow ol (Men)"]
[Site "Moscow"]
[Date "1994.??.??"]
[Round "3"]
[White "Sevillano, Enrico"]
[Black "Stanec, Nikolaus"]
[Result "1-0"]
[WhiteElo "2445"]
[BlackElo "2450"]

1.e4 c5 2.c3 Nf6 3.e5 Nd5 4.d4 cxd4 5.Nf3 e6 6.cxd4 d6 7.Nc3 Nxc3 8.bxc3 Nc6
9.exd6 Bxd6 10.Bd3 e5 11.O-O O-O 12.dxe5 Nxe5 13.Nxe5 Bxe5 14.Ba3 Re8 15.Bb5 Be6
16.Bxe8 Qxe8 17.Qf3 b6 18.Rfe1 Bf6 19.Bd6 Rc8 20.Be5 Bxe5 21.Rxe5 Qa4 22.h3 h6
23.Re3 Qa3 24.Qe4 Rc4 25.Qc2 b5 26.Qd2 Qa5 27.Rg3 Qc7 28.Rd1 Kh7 29.Qc2+ g6
30.Qb2 Qc5 31.Rd8 Qe5 32.Qd2  1-0

[Event "Moscow ol (Men)"]
[Site "Moscow"]
[Date "1994.??.??"]
[Round "3"]
[White "Sermek, Drazen"]
[Black "Zadrima, Aldo"]
[Result "1-0"]
[WhiteElo "2515"]
[BlackElo "2260"]

1.e4 c5 2.c3 Nf6 3.e5 Nd5 4.Nf3 Nc6 5.d4 cxd4 6.Bc4 Nb6 7.Bb3 d5 8.exd6 Qxd6
9.Na3 a6 10.O-O e6 11.Nxd4 Nxd4 12.cxd4 Be7 13.Qf3 O-O 14.Rd1 Qb8 15.Nc2 Bd6
16.Qh5 Bf4 17.Ne3 Bd7 18.Ng4 Rc8 19.Ne5 Bxe5 20.dxe5 Be8 21.Bf4 Nd7 22.h4 Nf8
23.Qg4 Ng6 24.h5 Nxf4 25.Qxf4 Rc5 26.Rd6 h6 27.Rad1 Qc7 28.R1d3 Rc8 29.Rg3 Kf8
30.Bxe6 Rd8 31.Qd4 Rxd6 32.exd6  1-0

[Event "Moscow ol (Men)"]
[Site "Moscow"]
[Date "1994.??.??"]
[Round "3"]
[White "Hmadi, Slaheddine"]
[Black "Hughes, S."]
[Result "1/2-1/2"]
[WhiteElo "2320"]
[BlackElo "2170"]

1.e4 c5 2.c3 Nf6 3.e5 Nd5 4.d4 cxd4 5.Nf3 e6 6.cxd4 b6 7.Nc3 Nxc3 8.bxc3 Qc7
9.Bd2 Bb7 10.Bd3 d6 11.O-O Nd7 12.Re1 dxe5 13.Nxe5 Nxe5 14.Rxe5 Bd6 15.Bb5+ Bc6
16.Qf3 Rc8 17.Bxc6+ Qxc6 18.d5 Qc7 19.Rh5 e5 20.Re1 f6 21.Qh3 Qd7 22.Qh4 h6
23.f4 Rc4 24.Qg3 O-O 25.f5 e4 26.Qh3 e3 27.Bxe3 Rxc3 28.Qf3 Re8 29.Rh4 Re7
30.Kf2 Bc5 31.Rh3 Qd6 32.Qg4 Rcxe3 33.Rhxe3 Qxd5 34.Qf4 Qd2+ 35.Kf3 Bxe3
36.Rxe3 Rxe3+ 37.Qxe3 Qxe3+ 38.Kxe3 Kf7 39.Ke4 Ke7 40.g4 a6 41.a3 b5  1/2-1/2

[Event "Moscow ol (Men)"]
[Site "Moscow"]
[Date "1994.??.??"]
[Round "3"]
[White "Rozentalis, Eduardas"]
[Black "Ljubojevic, Ljubomir"]
[Result "1/2-1/2"]
[WhiteElo "2595"]
[BlackElo "2580"]

1.e4 c5 2.c3 Nf6 3.e5 Nd5 4.g3 Nc6 5.Bg2 e6 6.Qe2 Be7 7.Nf3 d6 8.exd6 Qxd6
9.O-O O-O 10.Na3 b6 11.Nc4 Qc7 12.a4 Bb7 13.d3 h6 14.Bd2 Rad8 15.Rad1 Rfe8
16.Rfe1 Bf8 17.Bc1 e5 18.h4 a6 19.h5 b5 20.axb5 axb5 21.Ne3 Nf6 22.Nd2 Nd4
23.cxd4 exd4 24.Ne4 Nxe4 25.dxe4 dxe3 26.Bxe3 c4 27.Bf4 Qb6 28.e5 Bxg2 29.Kxg2 Bc5
30.Rxd8 Rxd8 31.Be3 Qc6+ 32.Qf3 Qxf3+ 33.Kxf3 Rd3 34.Ke4 Bxe3 35.Rxe3 Rd2
36.b3 Rxf2 37.bxc4 bxc4 38.Rc3 Rg2 39.Kf4 Rf2+ 40.Ke4 Re2+ 41.Kf4 Rf2+  1/2-1/2

[Event "Moscow ol (Men)"]
[Site "Moscow"]
[Date "1994.??.??"]
[Round "3"]
[White "Rizouk, Ryad"]
[Black "Urday, Henry"]
[Result "1-0"]
[WhiteElo "2220"]
[BlackElo "2470"]

1.e4 c5 2.c3 Nf6 3.e5 Nd5 4.d4 cxd4 5.cxd4 e6 6.Nf3 d6 7.a3 Bd7 8.Bd3 Bc6
9.O-O Nd7 10.Nbd2 dxe5 11.dxe5 Nc5 12.Ne4 Nc3 13.Nxc3 Nxd3 14.Bg5 Qd7 15.Qe2 Bxf3
16.Qxf3 Nxe5 17.Qg3 Ng6 18.Rfd1 Qc6 19.Rac1 Qb6 20.Qd3 Ne5 21.Qb5+ Nc6 22.Qxb6 axb6
23.Nb5 Be7 24.Nc7+ Kf8 25.Bxe7+ Kxe7 26.Nxa8 Rxa8 27.Rc3 Ra5 28.Rb3 b5 29.Rbd3 b4
30.Rd7+ Kf6 31.a4 b5 32.Rc7 Ne7 33.axb5 Nd5 34.Rb7 b3 35.g3 Ra2 36.Rb1 Ra4
37.Rd1 Ra2 38.Rd2 Ra1+ 39.Kg2 Ra2 40.b6 Kg6 41.Rb8 Ra5 42.b7 Rb5 43.Rd3 h5
44.Rd4 f5 45.Ra4 Nb6 46.Ra7  1-0